Our country's regions
An introduction to the United States that provides information on the country’s geography, people, culture, history, government, economy, and climate.
Đã lưu trong:
| 格式: | 图书 |
|---|---|
| 语言: | Undetermined |
| 出版: |
New York
Macmillan/McGraw-Hill
2003
|
| 主题: | |
| 标签: |
添加标签
没有标签, 成为第一个标记此记录!
|
| Thư viện lưu trữ: | Trung tâm Học liệu Trường Đại học Cần Thơ |
|---|
| LEADER | 00778nam a2200205Ia 4500 | ||
|---|---|---|---|
| 001 | CTU_168814 | ||
| 008 | 210402s9999 xx 000 0 und d | ||
| 082 | |a 973 | ||
| 082 | |b O.93/CD1/3 | ||
| 245 | 0 | |a Our country's regions | |
| 245 | 0 | |c James A. Banks ... [et al.] ; National Geographic Society (U.S.) | |
| 260 | |a New York | ||
| 260 | |b Macmillan/McGraw-Hill | ||
| 260 | |c 2003 | ||
| 520 | |a An introduction to the United States that provides information on the country’s geography, people, culture, history, government, economy, and climate. | ||
| 650 | |a Geography,Social sciences | ||
| 650 | |x Study and teaching (Elementary),Study and teaching (Elementary) | ||
| 650 | |z United States | ||
| 904 | |i Năm | ||
| 980 | |a Trung tâm Học liệu Trường Đại học Cần Thơ | ||